[Event "AUTO-INT-963"]
[Site "http://www.queenalice.com/game.php?id=432155"]
[Date "2008.7.12"]
[Round "1"]
[White "jeancarlo1910"]
[Black "zandormaz"]
[Result "1-0"]
[WhiteElo "1656"]
[BlackElo "1473"]

1. e4 e5 2. Nf3 Nc6 3. Bc4 Nf6 4. d3 d5 5. exd5 Nxd5 6. Bb5 Bd6 7. O-O O-O 8.
Bxc6 bxc6 9. Bg5 f6 10. Be3 Nxe3 11. fxe3 e4 12. dxe4 Ba6 13. Re1 Qb8 14. b3 Qe8
15. Qd4 c5 16. Qd5+ Kh8 17. c4 Rd8 18. Qf5 Bc8 19. Qd5 1-0

[Event "AUTO-INT-963"]
[Site "http://www.queenalice.com/game.php?id=432156"]
[Date "2008.7.12"]
[Round "1"]
[White "zandormaz"]
[Black "jeancarlo1910"]
[Result "1-0"]
[WhiteElo "1617"]
[BlackElo "1631"]

1. e4 e5 2. Nf3 Nc6 3. Bb5 a6 4. Ba4 b5 5. Bb3 Bc5 6. c3 Na5 7. Nxe5 Nh6 8. d4
Bd6 9. Bxh6 Bxe5 10. dxe5 Nc4 11. Bxg7 Rg8 12. Bf6 1-0

[Event "AUTO-INT-963"]
[Site "http://www.queenalice.com/game.php?id=432165"]
[Date "2008.7.12"]
[Round "1"]
[White "Jane"]
[Black "zandormaz"]
[Result "1-0"]
[WhiteElo "1544"]
[BlackElo "1455"]

1. e4 e5 2. Nf3 Nc6 3. Bb5 a6 4. Ba4 Nf6 5. d4 exd4 6. Nxd4 Nxe4 7. Qe2 Nxd4 8.
Qxe4+ Qe7 9. Qxe7+ Bxe7 10. Be3 Nf5 11. Nc3 Nxe3 12. fxe3 c6 13. O-O-O b5 14.
Bb3 1-0

[Event "AUTO-INT-963"]
[Site "http://www.queenalice.com/game.php?id=432166"]
[Date "2008.7.12"]
[Round "1"]
[White "zandormaz"]
[Black "Jane"]
[Result "0-1"]
[WhiteElo "1443"]
[BlackElo "1556"]

1. e4 e5 2. Nf3 Nc6 3. Bb5 d6 4. O-O Bg4 5. c3 Nf6 6. d4 Bxf3 7. Qxf3 exd4 8.
cxd4 a6 9. Bxc6+ bxc6 10. e5 dxe5 11. Qxc6+ Nd7 12. dxe5 Be7 0-1

[Event "Crééééúuuu"]
[Site "http://www.queenalice.com/game.php?id=432172"]
[Date "2008.7.12"]
[Round "-"]
[White "zandormaz"]
[Black "creualta"]
[Result "0-1"]
[WhiteElo "1573"]
[BlackElo "1567"]

1. e4 e5 2. Nf3 Nc6 3. Bb5 Nd4 4. Nxd4 exd4 5. c3 a6 6. Ba4 Qe7 7. O-O b5 8. Bb3
d3 9. Qf3 Qd6 10. Bd5 f6 11. Bxa8 c6 12. b3 Qc7 13. Re1 Qa7 14. e5 Be7 15. exf6
Nxf6 16. Ba3 Nd5 17. c4 Rf8 18. Qg3 Rf7 19. cxd5 Qxa8 0-1

[Event "Challenge"]
[Site "http://www.queenalice.com/game.php?id=432181"]
[Date "2008.7.12"]
[Round "-"]
[White "zandormaz"]
[Black "DALECIO_RAZIEL"]
[Result "1-0"]
[WhiteElo "1676"]
[BlackElo "1387"]

1. e4 e5 2. Nf3 Qf6 3. Bb5 c6 4. Ba4 b5 5. Bb3 Na6 6. d4 exd4 7. O-O c5 8. Bd5
Rb8 9. e5 Qg6 10. Nh4 Qb6 11. Qf3 f6 12. Qh5+ Kd8 13. Ng6 Ne7 14. Nxh8 Nxd5 15.
Qf7 fxe5 16. Qxf8+ Kc7 17. Nf7 Bb7 18. Qxg7 h6 19. Qxe5+ Kc6 20. Qd6# 1-0

[Event "AUTO-OPEN-1195"]
[Site "http://www.queenalice.com/game.php?id=432478"]
[Date "2008.7.13"]
[Round "1"]
[White "zandormaz"]
[Black "jeancarlo1910"]
[Result "0-1"]
[WhiteElo "1463"]
[BlackElo "1665"]

1. e4 e5 2. Nf3 Nc6 3. Bb5 Bd6 4. O-O Nf6 5. d4 exd4 6. Bxc6 dxc6 7. e5 Bg4 8.
exd6 c5 9. Re1+ Be6 10. dxc7 Qxc7 11. c3 O-O-O 12. cxd4 Ng4 13. Qa4 Bd5 14. Nbd2
Bc6 15. Qxa7 Bxf3 16. Nxf3 Rde8 0-1

[Event "AUTO-OPEN-1195"]
[Site "http://www.queenalice.com/game.php?id=432479"]
[Date "2008.7.13"]
[Round "1"]
[White "jeancarlo1910"]
[Black "zandormaz"]
[Result "1-0"]
[WhiteElo "1682"]
[BlackElo "1407"]

1. e4 e5 2. Nf3 Nc6 3. Bc4 Nf6 4. d3 Bc5 5. Be3 Bxe3 6. fxe3 d6 7. O-O Na5 8.
Nbd2 Nxc4 9. Nxc4 Be6 10. b3 O-O 11. Ncd2 Ng4 12. Qe1 c6 13. Nc4 Bxc4 14. dxc4
Qb6 15. Ng5 Nxe3 16. Qh4 h6 17. Kh1 hxg5 18. Qxg5 Nxf1 19. Rxf1 f6 20. Qf5 1-0

[Event "AUTO-INT-964"]
[Site "http://www.queenalice.com/game.php?id=432748"]
[Date "2008.7.13"]
[Round "1"]
[White "jeancarlo1910"]
[Black "zandormaz"]
[Result "1-0"]
[WhiteElo "1629"]
[BlackElo "1549"]

1. e4 e5 2. Nf3 Nc6 3. Bb5 a6 4. Bc4 b5 5. Bd5 Bb7 6. d3 Nge7 7. Bg5 f6 8. Bh4
Nxd5 9. exd5 Ne7 10. c4 c6 11. Nc3 cxd5 12. cxd5 Nxd5 13. Nxe5 Nf4 14. Ng4 Nxg2+
15. Kf1 1-0

[Event "AUTO-INT-964"]
[Site "http://www.queenalice.com/game.php?id=432749"]
[Date "2008.7.13"]
[Round "1"]
[White "zandormaz"]
[Black "jeancarlo1910"]
[Result "0-1"]
[WhiteElo "1531"]
[BlackElo "1642"]

1. e4 e5 2. Nf3 Nc6 3. Bb5 Bc5 4. c3 Nge7 5. O-O O-O 6. d4 exd4 7. cxd4 Bb6 8.
d5 a6 9. Be2 Nb8 10. d6 Ng6 11. Nc3 cxd6 12. Nd5 Nc6 0-1

[Event "AUTO-INT-964"]
[Site "http://www.queenalice.com/game.php?id=432760"]
[Date "2008.7.13"]
[Round "1"]
[White "marcoswerneck"]
[Black "zandormaz"]
[Result "1-0"]
[WhiteElo "1541"]
[BlackElo "1644"]

1. g3 e5 2. Bg2 Nf6 3. Nf3 Nc6 4. d3 h6 5. a3 d5 6. c3 Bd6 7. Be3 Ne7 8. Nbd2
Nf5 9. O-O Ng4 10. b4 Ngxe3 11. fxe3 Nxe3 12. Qc1 Nxf1 13. Qxf1 O-O 14. Nh4 c6
15. e3 1-0

[Event "AUTO-INT-964"]
[Site "http://www.queenalice.com/game.php?id=432761"]
[Date "2008.7.13"]
[Round "1"]
[White "zandormaz"]
[Black "marcoswerneck"]
[Result "0-1"]
[WhiteElo "1685"]
[BlackElo "1518"]

1. e4 e5 2. Nf3 d6 3. Nc3 a6 4. Bc4 h6 5. d4 Nc6 6. dxe5 dxe5 7. Qxd8+ Nxd8 8.
Nxe5 Be6 9. Nd5 Bxd5 10. Bxd5 Nf6 11. f3 Bc5 12. Nd3 Bb6 13. a4 Bd4 0-1

[Event "AUTO-INT-964"]
[Site "http://www.queenalice.com/game.php?id=432768"]
[Date "2008.7.13"]
[Round "1"]
[White "zandormaz"]
[Black "grandmaster1993"]
[Result "0-1"]
[WhiteElo "1402"]
[BlackElo "1593"]

1. Nf3 d5 2. c4 dxc4 3. e4 e5 4. Bxc4 Nf6 5. O-O Nxe4 6. Qa4+ Bd7 7. Bxf7+ Kxf7
8. Nxe5+ Ke8 9. Qxe4 Qe7 10. Qxb7 Qxe5 11. Qxa8 c5 0-1

[Event "Vamo Q Vamo"]
[Site "http://www.queenalice.com/game.php?id=438956"]
[Date "2008.7.25"]
[Round "-"]
[White "gllage"]
[Black "zandormaz"]
[Result "0-1"]
[WhiteElo "1191"]
[BlackElo "1685"]

1. e4 e5 2. Nf3 Nc6 3. c3 Nf6 4. Nxe5 Nxe5 5. d4 Nc6 6. Bg5 Be7 7. d5 Ne5 8. Be2
c6 9. c4 Nxe4 10. Be3 cxd5 11. cxd5 Nf6 12. h3 Qa5+ 13. Bd2 Qxd5 14. f3 Bc5 15.
Nc3 Qe6 16. a3 Nd3+ 17. Kf1 Nf2 18. Ke1 Nxd1 19. Rxd1 O-O 20. Ne4 Nxe4 0-1

[Event "Challenge"]
[Site "http://www.queenalice.com/game.php?id=440917"]
[Date "2008.7.29"]
[Round "-"]
[White "zandormaz"]
[Black "mauriciov"]
[Result "0-1"]
[WhiteElo "1394"]
[BlackElo "2182"]

1. e4 e5 2. Nf3 Nc6 3. Bb5 a6 4. Ba4 Nf6 5. O-O Nxe4 6. d4 b5 7. Bb3 d5 8. dxe5
Be6 9. Qe2 Nc5 10. Rd1 Nxb3 11. axb3 h6 12. Nc3 b4 13. Rxa6 Rxa6 14. Qxa6 Nb8
15. Qa4+ c6 16. Ne2 Be7 17. Bd2 Qb6 18. Be3 Qb7 19. Ra1 O-O 20. Qa7 Qxa7 21.
Rxa7 Re8 22. Nf4 Bf5 23. c4 bxc3 24. bxc3 Be4 25. Nd2 Bf5 26. h3 g5 0-1